000 00643nam a2200193Ia 4500
003 GCL
008 140319s9999 xx 000 0 ara d
040 _aGCL /
_cGCL
082 0 4 _a853
_bب م
100 1 _aبوتزاتى، ديتو
245 1 0 _aمن قصص دينو دوتزاتى (هدية من الاديب عبد الفتاح الجمل) /
_cبوتزاتى، ديتو
700 1 _aحسين رفعت فرغل (ترجمة)
300 _a225 ص
490 _aالابداع العالمى
_v0
650 0 4 _aالادب
650 0 4 _aالادب العالمى
650 0 4 _aالادب الايطالى المترجم
942 _2ddc
_cBK
999 _c40797
_d40797